000 00382nam a2200157 i 4500
001 bg
100 1 _aBARTOSIEWICZ, Józef
245 0 _aZajęcia laboratoryjne z obróbki skrawaniem /
_cJ. Bartosiewicz.
250 _aWyd.4.
260 _aGdańsk,
_c1983.
040 _cBPK
041 _apol
080 _a621.9(075.8)
942 _cKS
008 s pl f |000 0 pol
999 _c2301
_d2301
856 _uhttp://koha.tu.koszalin.pl/cgi-bin/koha/opac-detail.pl?biblionumber=2301
_yKatalog online BPK